000 00595nam a22002417a 4500
003 UA-OsUOA
001 26139
007 ta
008 20040513b un ||||| |||| 00| 0 ukr d
100 _aЧепурина Р.Н.
090 _a392
_bЧ-44
942 _cBK
040 _aUA-OsUOA
_brus
_cUA-OsUOA
_dUA-OsUOA
245 _aРождено временем
_bНовые прздники и обряди
300 _a74 с.
955 _a0
041 _arus
080 _a392
260 _aСимферополь
_bТаврия
_c1986
044 _aUA
650 7 _2UDC
999 _c312451
_d312451